Kingdom of Cards - Bad Omens - Statistics

General Stats
  • This quiz has been taken 6 times
  • The average score is 263 of 359
Answer Stats
🂡 % Correct
a
100%
again
100%
again)
100%
all
100%
and
100%
And
100%
hell
100%
I
100%
in
100%
is
100%
it
100%
me
100%
my
100%
of
100%
that
100%
that,
100%
the
100%
this
100%
through
100%
you
100%
You
100%
your
100%
afraid
80%
Afraid
80%
back
80%
can
80%
cards
80%
everything
80%
Everything
80%
find
80%
for
80%
I'll
80%
(I'll
80%
kingdom
80%
let
80%
made
80%
mistakes
80%
name
80%
not
80%
out
80%
same
80%
time
80%
time,
80%
to
80%
too
80%
way
80%
When
80%
when
80%
you're
80%
because
60%
built
60%
burn
60%
but
60%
But
60%
change
60%
coming
60%
could
60%
couldn't
60%
dark
60%
didn't
60%
do
60%
drink
60%
Drowning
60%
from
60%
Gave
60%
get
60%
give
60%
go
60%
it's
60%
know
60%
leaving
60%
legacy
60%
letters
60%
listen
60%
look
60%
make
60%
myself
60%
off
60%
over
60%
paid
60%
past
60%
pour
60%
rain
60%
return,
60%
so
60%
stay
60%
then
60%
think
60%
thought
60%
took
60%
underneath
60%
while
60%
will
60%
am
40%
are
40%
ashamed
40%
asked
40%
Atop
40%
behind
40%
buried
40%
Don't
40%
'em
40%
exchange
40%
fame
40%
flames
40%
forever
40%
forget
40%
granted,
40%
grave
40%
I'd
40%
if
40%
If
40%
I'm
40%
instead
40%
Left
40%
lose
40%
loved
40%
mask
40%
Next
40%
now
40%
ones
40%
paying
40%
present
40%
price
40%
remember
40%
songs
40%
start
40%
take
40%
that's
40%
them
40%
'til
40%
want,
40%
wanted
40%
where
40%
Writing
40%
above
20%
apart
20%
roaring
20%
tore
20%
yeah,
20%
No matching quizzes found
Score Distribution
Percent of People with Each Score
Percentile by Number Answered
Your Score History
You have not taken this quiz